[Event "SSKK"]
[Site "?"]
[Date "1997.04.15"]
[Round "?"]
[White "Backman Bo (SWE)"]
[Black "Andresen Tarald (NOR)"]
[Result "0-1"]
[WhiteElo "2345"]
[BlackElo "2415"]
[PlyCount "50"]
[EventDate "1997.??.??"]
[Source "www.chesslib.no"]
[SourceDate "2004.05.04"]

1. e4 e5 2. Nc3 Nf6 3. f4 d5 4. fxe5 Nxe4 5. d3 Nxc3 6. bxc3 d4 7. Nf3 Nc6 8. Be2 Bc5 9. O-O dxc3+ 10. Kh1 O-O 11. Qe1 Bd4 12. Qg3 Bf5 13. Bg5 Qd5 14. Nh4 Bg6 15. Bf3 Qe6 16. Bf4 Nb4 17. Rab1 Nxc2 18. Nxg6 fxg6 19. Rxb7 Bb6 20. a4 Nd4 21. a5 Bxa5 22. Rbb1 Nxf3 23. Rxf3 Bb6 24. Rff1 Bd4 25. Rfe1 Rf5 0-1

[Event "London Peace"]
[Site "London ENG"]
[Date "1987.??.??"]
[Round "?"]
[White "Barash, Danny"]
[Black "Hebden, Mark L"]
[Result "1/2-1/2"]
[WhiteElo "2240"]
[BlackElo "2515"]
[PlyCount "75"]
[EventDate "1987.09.??"]
[Source "www.chesslib.no"]
[SourceDate "2004.05.04"]

1. e4 e5 2. Nc3 Nf6 3. f4 d5 4. fxe5 Nxe4 5. d3 Nxc3 6. bxc3 d4 7. Nf3 Nc6 8. Be2 Bc5 9. O-O dxc3+ 10. Kh1 O-O 11. Qe1 Nd4 12. Bd1 a5 13. Rb1 Nxf3 14. Bxf3 Bd4 15. Qg3 Ra6 16. Bg5 Qe8 17. Bf6 g6 18. Qf4 Be3 19. Qh4 Rxf6 20. exf6 c6 21. Rbe1 Qe5 22. Bd1 Be6 23. Qh6 Bxh6 24. Rxe5 Ra8 25. a4 Bf8 26. Bf3 Bd6 27. Ree1 Rd8 28. h3 h5 29. g4 h4 30. Be4 Kh7 31. Rb1 Bb4 32. g5 b5 33. Bxc6 bxa4 34. Bxa4 Bd5+ 35. Kg1 Bc5+ 36. Kh2 Bd6+ 37. Kg1 Bc5+ 38. Kh2 1/2-1/2

[Event "Lomas de Open"]
[Site "Lomas de Zamora open"]
[Date "1995.??.??"]
[Round "4"]
[White "Perez Pietronave, Carlos"]
[Black "Sorin, Ariel"]
[Result "1/2-1/2"]
[WhiteElo "2250"]
[BlackElo "2505"]
[PlyCount "47"]
[EventDate "1995.??.??"]
[Source "www.chesslib.no"]
[SourceDate "2004.05.04"]

1. e4 e5 2. Nc3 Nf6 3. f4 d5 4. fxe5 Nxe4 5. d3 Nxc3 6. bxc3 d4 7. Nf3 Nc6 8. Be2 Be6 9. O-O Be7 10. Bb2 dxc3 11. Bxc3 O-O 12. Qe1 Bc5+ 13. Kh1 Nd4 14. Nxd4 Bxd4 15. Rf4 Bxc3 16. Qxc3 Qg5 17. Rf3 c5 18. Rg3 Qf4 19. Bf3 Qd4 20. Qe1 Qd7 21. Be4 f5 22. exf6 Rxf6 23. Rb1 Raf8 24. Bf3 1/2-1/2

[Event "Madonna di Campiglio"]
[Site "Madonna di Campiglio"]
[Date "1974.??.??"]
[Round "2"]
[White "Sax, Gyula"]
[Black "Paoli, Enrico"]
[Result "1-0"]
[WhiteElo "2460"]
[BlackElo "2290"]
[PlyCount "87"]
[EventDate "1974.??.??"]
[Source "www.chesslib.no"]
[SourceDate "2004.05.04"]

1. e4 e5 2. Nc3 Nf6 3. f4 d5 4. fxe5 Nxe4 5. d3 Nxc3 6. bxc3 Be7 7. Nf3 O-O 8. Be2 Nc6 9. O-O f6 10. d4 fxe5 11. dxe5 Be6 12. Be3 Qd7 13. Qe1 Rf5 14. Qg3 Raf8 15. Rfd1 Qe8 16. Rab1 Qc8 17. Nd4 Nxd4 18. cxd4 c6 19. Bh6 R5f7 20. Bh5 g6 21. Bxf8 Kxf8 22. Be2 b5 23. Rf1 a5 24. Rxf7+ Kxf7 25. Qf4+ Kg7 26. Rf1 b4 27. Bg4 c5 28. Bxe6 Qxe6 29. dxc5 Bxc5+ 30. Kh1 Be7 31. Qd4 h5 32. Rd1 h4 33. Qxd5 Qf5 34. h3 Qxc2 35. Rf1 Qe2 36. Rf3 Bg5 37. Qd4 Kh7 38. Qa1 a4 39. Rf7+ Kg8 40. e6 Bh6 41. Re7 Bf8 42. Re8 Qb5 43. Rxf8+ Kxf8 44. Qf6+ 1-0

[Event "Lloyds Bank op"]
[Site "London"]
[Date "1992.??.??"]
[Round "?"]
[White "Hon, Andrew"]
[Black "Van der Sterren, Paul"]
[Result "1-0"]
[WhiteElo "2215"]
[BlackElo "2530"]
[PlyCount "41"]
[EventDate "1992.08.??"]
[Source "ChessBase"]

1. e4 e5 2. Nc3 Nf6 3. f4 d5 4. fxe5 Nxe4 5. d3 Qh4+ 6. g3 Nxg3 7. Nf3 Qh5 8. Nxd5 Nxh1 9. Nxc7+ Kd8 10. Nxa8 Bg4 11. Bg2 Nc6 12. d4 Bxf3 13. Qxf3 Qxf3 14. Bxf3 Nxd4 15. Bg5+ Kc8 16. O-O-O Bc5 17. Bxh1 Kb8 18. b4 Ne6 19. bxc5 Nxg5 20. Rd7 Kxa8 21. Rxb7 1-0

[Event "Lloyds Bank Open"]
[Site "London ENG"]
[Date "1981.??.??"]
[Round "?"]
[White "Iskov, Gert"]
[Black "Rumens, David E"]
[Result "1-0"]
[WhiteElo "2395"]
[BlackElo "2350"]
[PlyCount "79"]
[EventDate "1981.??.??"]
[Source "www.chesslib.no"]
[SourceDate "2004.05.04"]

1. e4 e5 2. Nc3 Nf6 3. f4 d5 4. fxe5 Nxe4 5. d3 Nxc3 6. bxc3 c5 7. Nf3 Nc6 8. Be2 Bg4 9. O-O Be7 10. Rb1 b6 11. d4 O-O 12. Be3 f5 13. exf6 Bxf6 14. dxc5 Re8 15. Bf2 bxc5 16. Rb5 Be7 17. Bxc5 Bf6 18. Bf2 Ne7 19. Nd4 Bd7 20. Rb7 Qc8 21. Ba6 Bg4 22. Qd3 Qd8 23. Bb5 Qc8 24. Ba6 Qd8 25. Bg3 Rc8 26. h3 Bd7 27. Rxf6 gxf6 28. Bc7 Rxc7 29. Qg3+ Ng6 30. Qxc7 Qe7 31. Qg3 f5 32. Nxf5 Qe6 33. Nd4 Qxa6 34. Rxd7 Kh8 35. Qc7 Re1+ 36. Kh2 Nf8 37. Rf7 Qh6 38. Nf5 Re7 39. Qxe7 Qf4+ 40. Ng3 1-0

[Event "Lloyds Bank op"]
[Site "London"]
[Date "1979.??.??"]
[Round "5"]
[White "Cuartas, Carlos"]
[Black "Jacobs, Byron A"]
[Result "1-0"]
[WhiteElo "2425"]
[BlackElo "2315"]
[PlyCount "111"]
[EventDate "1979.08.??"]
[Source "ChessBase"]

1. e4 e5 2. Nc3 Nf6 3. f4 d5 4. fxe5 Nxe4 5. d3 Nxc3 6. bxc3 d4 7. Nf3 Bg4 8. Be2 Bc5 9. O-O Nc6 10. c4 O-O 11. Qe1 Qd7 12. h3 Bh5 13. Ng5 Bxe2 14. Qxe2 Rae8 15. Qe4 f5 16. Qd5+ Qxd5 17. cxd5 Nd8 18. Nf3 c6 19. d6 Nf7 20. Bf4 g5 21. d7 Re7 22. Bxg5 Nxg5 23. Nxg5 Bb6 24. Rae1 Rxd7 25. Ne6 Re8 26. Nf4 Ba5 27. e6 Rde7 28. Re5 Bc7 29. Rxf5 Bxf4 30. R1xf4 Rxe6 31. Rxd4 Re1+ 32. Kh2 R1e2 33. Rg4+ Kh8 34. Rf7 Rxc2 35. Rxb7 Rxa2 36. Rgg7 Ree2 37. Rxh7+ Kg8 38. Rhg7+ Kh8 39. h4 a5 40. Kh3 a4 41. g3 Re8 42. h5 Re6 43. Rgc7 Rae2 44. Ra7 R2e5 45. Kh4 c5 46. Rxa4 Re7 47. Raa7 Rxc7 48. Rxc7 Rd5 49. g4 Kg8 50. h6 Kh8 51. g5 Rd4+ 52. Kh5 Rd5 53. Kg6 Rd6+ 54. Kf5 Rd5+ 55. Kf4 Rd4+ 56. Ke3 1-0

[Event "Calcutta op"]
[Site "Calcutta"]
[Date "1996.??.??"]
[Round "8"]
[White "Neelakantan, Narayanan"]
[Black "Babu, N Sudhakar"]
[Result "0-1"]
[WhiteElo "2295"]
[BlackElo "2445"]
[PlyCount "81"]
[EventDate "1996.02.??"]
[Source "ChessBase"]

1. e4 e5 2. Nc3 Nf6 3. f4 d5 4. fxe5 Nxe4 5. d3 Nxc3 6. bxc3 Be7 7. Nf3 f6 8. d4 fxe5 9. dxe5 O-O 10. Be2 Na6 11. O-O Nc5 12. c4 c6 13. cxd5 Qxd5 14. Be3 Qxd1 15. Rfxd1 Bg4 16. h3 Bh5 17. Kh2 Rad8 18. Rab1 Bf7 19. Nd4 Bd5 20. Bf3 Bxa2 21. Ra1 Bd5 22. Rxa7 Bxf3 23. gxf3 Rfe8 24. Rg1 Bf8 25. f4 g6 26. Nf3 Ra8 27. Rxa8 Rxa8 28. f5 Ra3 29. Re1 gxf5 30. Nh4 Rc3 31. Re2 f4 32. Bxf4 Ne6 33. Be3 Bg7 34. Nf3 b5 35. Kg2 Kf7 36. Kf2 Kg6 37. Ke1 Bh6 38. Nh4+ Kh5 39. Nf5 Bxe3 40. Rxe3 Rxc2 41. Re2 0-1

[Event "World University-ch 6th"]
[Site "Golden Sands"]
[Date "2000.09.07"]
[Round "7"]
[White "Ganbold, Odondoo"]
[Black "Bojkov, Dejan"]
[Result "1/2-1/2"]
[WhiteElo "2405"]
[BlackElo "2326"]
[PlyCount "163"]
[EventDate "2000.09.01"]
[Source "ChessBase"]
[SourceDate "2000.09.14"]

1. e4 e5 2. Nc3 Nf6 3. f4 d5 4. fxe5 Nxe4 5. d3 Nxc3 6. bxc3 d4 7. Nf3 Nc6 8. Be2 Bc5 9. O-O dxc3+ 10. Kh1 O-O 11. Qe1 Nd4 12. Nxd4 Qxd4 13. Qg3 Re8 14. Bf3 Rb8 15. Bg5 Be6 16. Bf6 Bf8 17. Rae1 Kh8 18. Re4 Qb6 19. Bg5 Rbd8 20. Rh4 Rd4 21. Be3 c5 22. Bxd4 cxd4 23. Be4 h6 24. Qf3 Rd8 25. Rf4 Rd7 26. Bf5 Kg8 27. Qg4 Bc5 28. Bxe6 Qxe6 29. Qxe6 fxe6 30. Rb1 b6 31. g4 Rd5 32. Re4 Ba3 33. Rb3 Bc5 34. Kg2 Rd7 35. Kf3 a6 36. Rb1 b5 37. h4 b4 38. g5 hxg5 39. hxg5 Kf7 40. Rd1 Rd8 41. Kg4 a5 42. Rf4+ Kg6 43. Rdf1 Rd5 44. Re4 a4 45. Re2 Rd8 46. Ref2 Rc8 47. Rh1 Be7 48. Rb1 Rb8 49. Kf4 Rf8+ 50. Kg3 Rxf2 51. Kxf2 Kxg5 52. Ke2 Kf5 53. Rf1+ Kxe5 54. Rf7 b3 55. cxb3 axb3 56. axb3 Ba3 57. Kd1 g5 58. Kc2 g4 59. Kd1 Bd6 60. Kc2 g3 61. b4 Kd5 62. Rg7 Bf4 63. b5 Kc5 64. Rg6 Kxb5 65. Rxe6 Kc5 66. Rf6 Be5 67. Rf8 Kd5 68. Kd1 Bd6 69. Re8 Bf4 70. Rc8 Be3 71. Rg8 Bf2 72. Ke2 Ke6 73. Rc8 Kd7 74. Rc5 Be3 75. Kf3 Kd6 76. Rc4 Bf2 77. Rc8 Be1 78. Rc4 Ke5 79. Rc5+ Kd6 80. Rc4 Kd5 81. Rc8 Bf2 82. Rc4 1/2-1/2

[Event "BCF Ch"]
[Site "Morecambe"]
[Date "1975.08.09"]
[Round "6"]
[White "Bonner, Gerald"]
[Black "Horner, Jeff"]
[Result "1/2-1/2"]
[WhiteElo "2275"]
[BlackElo "2450"]
[PlyCount "115"]
[EventDate "1975.08.04"]
[Source "www.chesslib.no"]
[SourceDate "2004.05.04"]

1. e4 e5 2. Nc3 Nf6 3. f4 d5 4. fxe5 Nxe4 5. d3 Nxc3 6. bxc3 c5 7. Nf3 Nc6 8. d4 Be7 9. Be2 h6 10. O-O Be6 11. Rb1 Qd7 12. Ba3 c4 13. Qc1 O-O-O 14. Bc5 g5 15. Qa3 g4 16. Nd2 Bxc5 17. Qxc5 Rhg8 18. g3 h5 19. Rf6 Kb8 20. Bf1 Ne7 21. Bg2 Nf5 22. Rxf5 Bxf5 23. Nxc4 Rg6 24. Nd6 Rxd6 25. exd6 Qxd6 26. Qxd6+ Rxd6 27. Rb5 Be6 28. Kf2 a6 29. Ra5 Ka7 30. Ke3 b5 31. Ra3 Bf5 32. Kd2 Bg6 33. Bf1 Kb6 34. Bd3 Bxd3 35. cxd3 Rf6 36. Ke2 Rf3 37. Rb3 h4 38. gxh4 Rh3 39. Kf2 Rxh4 40. Kg3 Rh3+ 41. Kxg4 Rxh2 42. a4 Rd2 43. axb5 axb5 44. Rb1 Rxd3 45. Rc1 Kc6 46. Kf5 Kd6 47. Rc2 Re3 48. Kf4 Rh3 49. Kg4 Rh8 50. Kf4 Rc8 51. Rb2 Kc6 52. Ke3 Kb6 53. Kd3 f5 54. Rf2 Rf8 55. Ke3 Kc6 56. Ra2 Kb6 57. Kf4 Rc8 58. Rc2 1/2-1/2

[Event "Tirnavia-B"]
[Site "Trnava SVK"]
[Date "1987.??.??"]
[Round "6"]
[White "Roth, Peter"]
[Black "Blatny, Pavel"]
[Result "1-0"]
[WhiteElo "2315"]
[BlackElo "2405"]
[PlyCount "57"]
[EventDate "1987.??.??"]
[Source "www.chesslib.no"]
[SourceDate "2004.05.04"]

1. e4 e5 2. Nc3 Nf6 3. f4 d5 4. fxe5 Nxe4 5. d3 Nxc3 6. bxc3 c5 7. Nf3 Nc6 8. Be2 Be7 9. O-O O-O 10. d4 f6 11. exf6 Rxf6 12. dxc5 Qa5 13. Bg5 Qxc5+ 14. Kh1 Rxf3 15. Bxf3 Be6 16. Qe2 Bf7 17. Bxe7 Nxe7 18. Rab1 b6 19. Bg4 Bg6 20. Rbe1 Nc6 21. Qe6+ Kh8 22. Bf5 Bxf5 23. Rxf5 h6 24. Rxd5 Qxc3 25. Rd7 Nb4 26. Red1 Nc6 27. Rc7 Qxc2 28. Rg1 Nd4 29. Qe5 1-0

[Event "TCh-SLO, Bled SLO"]
[Site "?"]
[Date "2001.??.??"]
[Round "6"]
[White "Perus, D."]
[Black "Mikac, M."]
[Result "1/2-1/2"]
[WhiteElo "2305"]
[BlackElo "2405"]
[PlyCount "135"]
[EventDate "2001.??.??"]
[Source "www.chesslib.no"]
[SourceDate "2004.05.04"]

1. e4 e5 2. Nc3 Nf6 3. f4 d5 4. fxe5 Nxe4 5. d3 Nxc3 6. bxc3 Nc6 7. Nf3 d4 8. Be2 Bc5 9. O-O dxc3+ 10. Kh1 O-O 11. Qe1 Bg4 12. Qg3 Bh5 13. d4 Be7 14. Be3 Nb4 15. Bd1 Bg6 16. Rf2 Nd5 17. Bg5 f6 18. Bc1 fxe5 19. Nxe5 Bh4 20. Rxf8+ Qxf8 21. Qf3 Be4 22. Qe2 Re8 23. Kg1 Bg6 24. Qf3 c6 25. Qxf8+ Rxf8 26. Nxg6 Bf2+ 27. Kf1 hxg6 28. Bf3 Bxd4 29. a3 Be5 30. Rb1 b5 31. Ke2 a6 32. g3 Re8 33. Kd3 Rd8 34. Ke2 Rd6 35. Be3 Re6 36. Bxd5 cxd5 37. Kd3 Rc6 38. Bd4 Bf6 39. Rb3 Kf7 40. Bxc3 Ke6 41. Bd2 Rc4 42. Be3 d4 43. Bd2 Kd5 44. Be1 Be7 45. Bd2 Rc6 46. Bb4 Re6 47. Bd2 Rf6 48. Ke2 Ke4 49. Bg5 Re6 50. Bxe7 Rxe7 51. a4 Re5 52. axb5 Rxb5 53. Ra3 a5 54. Ra4 Rh5 55. h4 Rc5 56. Kd2 Rd5 57. Ke2 Rb5 58. Kd2 g5 59. c3 Rd5 60. Ke2 gxh4 61. gxh4 Kf5 62. cxd4 Ke4 63. Rc4 Rxd4 64. Rc7 g6 65. Rc6 Kf5 66. Rc5+ Kf4 67. Rxa5 Kg3 68. h5 1/2-1/2

[Event "Torneo IM - B1"]
[Site "Marianske Lazne CEC"]
[Date "2007.01.23"]
[Round "6"]
[White "Vojta, Tomas"]
[Black "Lagerman, Robert"]
[Result "1/2-1/2"]
[WhiteElo "2361"]
[BlackElo "2348"]
[PlyCount "48"]
[EventDate "2007.01.19"]
[Source "www.chesslib.no"]
[SourceDate "2004.05.04"]

1. e4 e5 2. Nc3 Nf6 3. f4 d5 4. fxe5 Nxe4 5. d3 Nxc3 6. bxc3 c5 7. Nf3 Nc6 8. Be2 Be7 9. O-O d4 10. Qe1 O-O 11. Qg3 Bf5 12. c4 Qd7 13. Bf4 Rae8 14. a3 Bd8 15. Rf2 Qe6 16. Rb1 b6 17. Re1 Qg6 18. h3 Qxg3 19. Bxg3 Bg6 20. Bh2 Re6 21. Bf1 Rfe8 22. Rfe2 h6 23. Kf2 Bc7 24. g4 Bd8 1/2-1/2

[Event "IECG M004 corr"]
[Site "IECG M004 corr"]
[Date "1995.??.??"]
[Round "?"]
[White "Cranbourne, Carlos"]
[Black "Webb, Simon"]
[Result "1/2-1/2"]
[WhiteElo "2285"]
[BlackElo "2420"]
[PlyCount "55"]
[EventDate "1995.??.??"]
[Source "www.chesslib.no"]
[SourceDate "2004.05.04"]

1. e4 e5 2. Nc3 Nf6 3. f4 d5 4. fxe5 Nxe4 5. d3 Nxc3 6. bxc3 d4 7. Nf3 Nc6 8. cxd4 Nxd4 9. c3 Nxf3+ 10. Qxf3 c6 11. d4 Qh4+ 12. g3 Qg4 13. Qxg4 Bxg4 14. Bc4 Be6 15. Bxe6 fxe6 16. Ke2 c5 17. Kd3 Be7 18. Rf1 Rf8 19. Rxf8+ Bxf8 20. Be3 cxd4 21. Bxd4 Ba3 22. Rf1 a6 23. Bb6 Rc8 24. Rb1 Kd7 25. Rb3 Be7 26. a4 Kc6 27. Bd4 b5 28. axb5+ 1/2-1/2

[Event "Serbia-ch"]
[Site "Kragujevac"]
[Date "2000.02.24"]
[Round "6"]
[White "Dinic, Dragan"]
[Black "Rihterovic, Milan"]
[Result "1-0"]
[WhiteElo "2330"]
[BlackElo "2375"]
[PlyCount "59"]
[EventDate "2000.02.19"]
[Source "www.chesslib.no"]
[SourceDate "2004.05.04"]

1. e4 e5 2. Nc3 Nf6 3. f4 d5 4. fxe5 Nxe4 5. d3 Nxc3 6. bxc3 d4 7. Nf3 Nc6 8. Be2 Be7 9. O-O O-O 10. Qe1 dxc3 11. Qg3 Bf5 12. Rb1 Bg6 13. Bf4 Nb4 14. Bd1 Qd5 15. a3 Nxd3 16. cxd3 Qxd3 17. Rc1 Bc5+ 18. Rf2 Rad8 19. h4 Qc4 20. Ng5 f6 21. Nh3 Bxf2+ 22. Nxf2 c2 23. Bf3 fxe5 24. Bxe5 Qc5 25. h5 Rxf3 26. Qxf3 Qxe5 27. hxg6 hxg6 28. Qb3+ Qd5 29. Qxc2 c6 30. Rd1 1-0

[Event "Vienna Open"]
[Site "Vienna AUT"]
[Date "1995.??.??"]
[Round "3"]
[White "Miroshnichenko, Evgenij"]
[Black "Mahdi, Khaled"]
[Result "1-0"]
[WhiteElo "2270"]
[BlackElo "2425"]
[PlyCount "127"]
[EventDate "1995.??.??"]
[Source "www.chesslib.no"]
[SourceDate "2004.05.04"]

1. e4 e5 2. Nc3 Nf6 3. f4 d5 4. fxe5 Nxe4 5. d3 Nxc3 6. bxc3 c5 7. Nf3 Nc6 8. Be2 Be7 9. O-O O-O 10. Bf4 f6 11. Qd2 Bf5 12. Rae1 Qd7 13. exf6 Bxf6 14. Bg5 Bg4 15. Bxf6 Rxf6 16. h3 Bxh3 17. gxh3 Qxh3 18. Nh2 Rg6+ 19. Bg4 Rxg4+ 20. Nxg4 Qxg4+ 21. Qg2 Qxg2+ 22. Kxg2 Rd8 23. Re6 h6 24. Kh3 Rd7 25. Kh4 Nd8 26. Re8+ Kh7 27. Rfe1 Nc6 28. a3 Rf7 29. Kg4 g6 30. R1e6 d4 31. c4 Kg7 32. Rd6 h5+ 33. Kg3 Ne7 34. Kh3 Nf5 35. Rd5 b6 36. Red8 Kh6 37. R5d7 Rf6 38. Rxa7 Re6 39. Rb8 Kg5 40. Rab7 Re3+ 41. Kg2 Re2+ 42. Kf3 Rxc2 43. Rxb6 Rc3 44. Rb3 Rc2 45. Rb2 Rc1 46. Rb1 Rc3 47. R8b3 Rc2 48. Ra1 Ne3 49. a4 Ng4 50. Ke4 Rf2 51. Kd5 h4 52. a5 Ne3+ 53. Kxc5 Rf5+ 54. Kb6 Rf6+ 55. Kb5 Rf5+ 56. c5 Nd5 57. a6 Nc7+ 58. Kc6 Nxa6 59. Rxa6 h3 60. Ra1 Kh4 61. Kb6 g5 62. c6 g4 63. c7 Rf6+ 64. Kc5 1-0

[Event "Arnold Cup"]
[Site "Gausdal NOR"]
[Date "1992.??.??"]
[Round "4"]
[White "Raisa, Unto"]
[Black "Nielsen, Peter Heine"]
[Result "1-0"]
[WhiteElo "2270"]
[BlackElo "2420"]
[PlyCount "51"]
[EventDate "1992.04.??"]
[Source "www.chesslib.no"]
[SourceDate "2004.05.04"]

1. e4 e5 2. Nc3 Nf6 3. f4 d5 4. fxe5 Nxe4 5. d3 Nc5 6. d4 Ne6 7. Nf3 Be7 8. Bd3 Nc6 9. Ne2 Nb4 10. c3 Nxd3+ 11. Qxd3 c6 12. Ng3 h5 13. Nf5 Bf8 14. O-O g6 15. Nd6+ Bxd6 16. exd6 Qxd6 17. Ne5 Nd8 18. Bg5 Bf5 19. Rxf5 gxf5 20. Qxf5 Qe6 21. Qf3 f5 22. Re1 O-O 23. Qxh5 f4 24. Bxd8 Raxd8 25. Qg5+ Kh7 26. Nf3 1-0

[Event "34th Olympiad, Istanbul TUR"]
[Site "?"]
[Date "2000.??.??"]
[Round "4"]
[White "Ganbold, O."]
[Black "Araz, B."]
[Result "1-0"]
[WhiteElo "2405"]
[BlackElo "2285"]
[PlyCount "49"]
[EventDate "2000.??.??"]
[Source "www.chesslib.no"]
[SourceDate "2004.05.04"]

1. e4 e5 2. Nc3 Nf6 3. f4 d5 4. fxe5 Nxe4 5. d3 Nxc3 6. bxc3 d4 7. Nf3 Nc6 8. Be2 dxc3 9. O-O Bc5+ 10. Kh1 O-O 11. Qe1 Qd5 12. Qg3 Nd4 13. Nxd4 Bxd4 14. Bf3 Qe6 15. Bf4 Rb8 16. Rae1 b5 17. Bg5 Kh8 18. Qh4 h6 19. Be7 Re8 20. Bf6 gxf6 21. Qxh6+ Kg8 22. exf6 Bxf6 23. Rxe6 Rxe6 24. Bd5 Rd6 25. Qg6+ 1-0

[Event "Mipap Cup"]
[Site "Olomouc"]
[Date "1999.08.07"]
[Round "2"]
[White "Sluka, Radek"]
[Black "Simacek, Pavel"]
[Result "0-1"]
[WhiteElo "2340"]
[BlackElo "2346"]
[PlyCount "66"]
[EventDate "1999.08.06"]
[Source "ChessBase"]
[SourceDate "1999.09.14"]

1. Nc3 Nf6 2. e4 e5 3. f4 d5 4. fxe5 Nxe4 5. d3 Nxc3 6. bxc3 d4 7. Bd2 Nc6 8. Nf3 Be7 9. cxd4 Nxd4 10. c3 Nf5 11. d4 c5 12. Bb5+ Bd7 13. Bc4 cxd4 14. cxd4 O-O 15. Qb3 Bc6 16. d5 b5 17. dxc6 Nd4 18. c7 Qd7 19. e6 Nxf3+ 20. gxf3 Qxc7 21. exf7+ Kh8 22. Be2 Bh4+ 23. Kd1 Rad8 24. Bd3 Rxf7 25. Rc1 Qd7 26. Ke2 Rxf3 27. Kxf3 Qh3+ 28. Kf4 Bf6 29. Rc5 Rd4+ 30. Be4 Qh4+ 31. Kf3 Qxe4+ 32. Kg3 Bh4+ 33. Kh3 Qg4# 0-1

[Event "Wch U20"]
[Site "Halle"]
[Date "1995.??.??"]
[Round "8"]
[White "Kunte, Abhijit"]
[Black "Garbisu de Goni, Unai"]
[Result "1-0"]
[WhiteElo "2290"]
[BlackElo "2395"]
[PlyCount "34"]
[EventDate "1995.09.??"]
[Source "ChessBase"]

1. e4 e5 2. Nc3 Nf6 3. f4 d5 4. fxe5 Nxe4 5. d3 Nxc3 6. bxc3 d4 7. Nf3 c5 8. Be2 Be7 9. O-O O-O 10. Qe1 f6 11. Qg3 fxe5 12. Bh6 Bf6 13. Ng5 Qe7 14. Ne4 Nd7 15. Nxf6+ Nxf6 16. Bf3 Bd7 17. Rae1 Rae8 1-0

[Event "HUN Team Ch"]
[Site "HUN"]
[Date "1991.??.??"]
[Round "?"]
[White "Rosta, Sandor"]
[Black "Eisterer, Heinrich"]
[Result "1/2-1/2"]
[WhiteElo "2305"]
[BlackElo "2380"]
[PlyCount "109"]
[EventDate "1991.??.??"]
[Source "www.chesslib.no"]
[SourceDate "2004.05.04"]

1. e4 e5 2. Nc3 Nf6 3. f4 d5 4. fxe5 Nxe4 5. d3 Nxc3 6. bxc3 c5 7. Nf3 Nc6 8. Be2 Be7 9. O-O O-O 10. Qe1 f6 11. exf6 Bxf6 12. Bd2 b5 13. Rb1 a6 14. Qg3 Ra7 15. a4 bxa4 16. Ra1 Re7 17. Bd1 Ref7 18. Rxa4 d4 19. Ng5 Re7 20. c4 Re5 21. Nf3 Rf5 22. Be2 Qe8 23. Bd1 Be5 24. Qh4 Bf4 25. Qe1 Ne5 26. Ra5 Bb7 27. Bxf4 Nxf3+ 28. Bxf3 Bxf3 29. gxf3 Qxe1 30. Rxe1 Rxf4 31. Rxc5 Rxf3 32. Re2 Ra8 33. Re7 Rf6 34. Ree5 h6 35. h4 Rg6+ 36. Kf2 Rg4 37. h5 Rh4 38. Rf5 Rh2+ 39. Kf3 Rxc2 40. Ke4 Rd2 41. Kxd4 Rd1 42. Rcd5 Rc1 43. Ra5 Ra7 44. Rfd5 Rh1 45. c5 Rh4+ 46. Kc3 Kf7 47. d4 Rh1 48. Rd6 Rxh5 49. Raxa6 Rxa6 50. Rxa6 g5 51. d5 g4 52. Kd4 g3 53. Ra1 g2 54. Rg1 Rg5 55. Ke4 1/2-1/2

[Event "YUG-ch sf"]
[Site "?"]
[Date "1996.??.??"]
[Round "?"]
[White "Karaklajic Nikola"]
[Black "Bokan Danko"]
[Result "1-0"]
[WhiteElo "2400"]
[BlackElo "2270"]
[PlyCount "109"]
[EventDate "1996.??.??"]
[Source "www.chesslib.no"]
[SourceDate "2004.05.04"]

1. e4 e5 2. Nc3 Nf6 3. f4 d5 4. fxe5 Nxe4 5. d3 Nxc3 6. bxc3 d4 7. Nf3 Nc6 8. cxd4 Bb4+ 9. Bd2 Bxd2+ 10. Qxd2 Nxd4 11. c3 Nxf3+ 12. gxf3 Qh4+ 13. Qf2 Qe7 14. d4 f6 15. O-O-O fxe5 16. Re1 O-O 17. Rxe5 Qa3+ 18. Qb2 Qd6 19. Rg1 Bf5 20. Bc4+ Kh8 21. Rge1 c6 22. R1e3 b5 23. Be6 Bxe6 24. Rxe6 Qf4 25. Qd2 Rac8 26. Kb2 a5 27. R6e4 Qd6 28. Re6 Qf4 29. a3 Kg8 30. Re7 Rc7 31. R7e4 Qf7 32. Qe2 Rb7 33. Re8 b4 34. axb4 axb4 35. c4 Qf6 36. Rxf8+ Kxf8 37. Re8+ Kf7 38. Qe4 Qd6 39. Re5 g6 40. Kb3 Ra7 41. Qf4+ Kg7 42. c5 Qc7 43. Re4 Ra3+ 44. Kc4 Qxf4 45. Rxf4 Ra2 46. h4 Rb2 47. d5 cxd5+ 48. Kxd5 b3 49. c6 Rc2 50. Rb4 b2 51. Kd6 Kf7 52. c7 h5 53. Rxb2 Rxb2 54. c8=Q Rh2 55. Qe6+ 1-0

[Event "Corr"]
[Site "?"]
[Date "1999.07.08"]
[Round "?"]
[White "Braun Andreas"]
[Black "Mrkvicka Josef"]
[Result "1/2-1/2"]
[WhiteElo "2263"]
[BlackElo "2403"]
[PlyCount "101"]
[EventDate "1999.??.??"]
[Source "www.chesslib.no"]
[SourceDate "2004.05.04"]

1. e4 e5 2. Nc3 Nf6 3. f4 d5 4. fxe5 Nxe4 5. d3 Nxc3 6. bxc3 d4 7. Nf3 Nc6 8. cxd4 Nxd4 9. c3 Nxf3+ 10. Qxf3 Be6 11. d4 Bd5 12. Qg3 Qd7 13. Be2 Qf5 14. Bf3 Bxf3 15. O-O Qg4 16. Qxf3 Qxf3 17. Rxf3 Be7 18. Rg3 Rg8 19. Be3 Rd8 20. c4 b6 21. Rd1 Bb4 22. Rf3 a5 23. d5 Rd7 24. Bf2 h5 25. d6 cxd6 26. Rfd3 Rb7 27. a3 Bc5 28. Bxc5 bxc5 29. Rxd6 Ke7 30. Ra6 Rgb8 31. Rxa5 Rc7 32. Rd5 h4 33. Rdxc5 Rxc5 34. Rxc5 Ra8 35. e6 Kxe6 36. Rh5 Rxa3 37. Rxh4 f5 38. Rh8 Rc3 39. Rc8 g5 40. h3 Rc1+ 41. Kf2 Rc2+ 42. Kg3 f4+ 43. Kf3 Rc3+ 44. Kf2 Rc1 45. Rc6+ Kf5 46. Rc5+ Kg6 47. Rc8 Rc2+ 48. Kf3 Rc3+ 49. Ke4 Re3+ 50. Kd4 Rg3 51. h4 1/2-1/2

[Event "Gent Open"]
[Site "Gent"]
[Date "1992.??.??"]
[Round "6"]
[White "Schuermans, Robert"]
[Black "Blees, Albert"]
[Result "0-1"]
[WhiteElo "2255"]
[BlackElo "2410"]
[PlyCount "85"]
[EventDate "1992.??.??"]
[Source "www.chesslib.no"]
[SourceDate "2004.05.04"]

1. e4 e5 2. Nc3 Nf6 3. f4 d5 4. fxe5 Nxe4 5. d3 Nxc3 6. bxc3 Be7 7. Nf3 c5 8. Be2 d4 9. O-O Nc6 10. Qe1 Be6 11. c4 Qc7 12. Bf4 O-O-O 13. Rb1 h6 14. h3 g5 15. Bh2 h5 16. Nd2 g4 17. h4 Nxe5 18. Rxf7 Bxf7 19. Bxe5 Bd6 20. Bxh8 Rxh8 21. Ne4 Bf4 22. g3 Be3+ 23. Kh2 Bg6 24. Qh1 Re8 25. Rf1 Qe5 26. Nf6 Re6 27. Qd5 Qxd5 28. Nxd5 Bh6 29. Rf2 a6 30. Bf1 b5 31. cxb5 axb5 32. Bg2 c4 33. Nb4 Rd6 34. Bf1 cxd3 35. cxd3 Kd7 36. Rc2 Bf8 37. Rf2 Be7 38. a3 Re6 39. Nc2 Bc5 40. Rf4 Rd6 41. Kg1 Bb6 42. Kf2 Rc6 43. Nb4 0-1

[Event "Budapest HUN"]
[Site "?"]
[Date "1998.??.??"]
[Round "8"]
[White "Antal Gergely"]
[Black "Feher Gyula"]
[Result "1/2-1/2"]
[WhiteElo "2220"]
[BlackElo "2445"]
[PlyCount "64"]
[EventDate "1998.??.??"]
[Source "www.chesslib.no"]
[SourceDate "2004.05.04"]

1. e4 e5 2. Nc3 Nf6 3. f4 d5 4. fxe5 Nxe4 5. d3 Nxc3 6. bxc3 Nc6 7. Nf3 d4 8. cxd4 Bb4+ 9. Bd2 Bxd2+ 10. Qxd2 Nxd4 11. c3 Nxf3+ 12. gxf3 f6 13. f4 fxe5 14. fxe5 O-O 15. O-O-O Be6 16. Bg2 c6 17. Rde1 Qa5 18. Re2 Rf7 19. Rhe1 Raf8 20. Be4 Rf1 21. Kb1 Qb6+ 22. Ka1 Qg1 23. Kb2 Rxe1 24. Rxe1 Rf2 25. Re2 Rf1 26. d4 Ra1 27. d5 Rd1 28. Qc2 Qb6+ 29. Ka3 Qc5+ 30. Kb2 Qb5+ 31. Ka3 Qa5+ 32. Kb2 Qb6+ 1/2-1/2

[Event "HUN-ch"]
[Site "HUN"]
[Date "1973.??.??"]
[Round "?"]
[White "Sax, Gyula"]
[Black "Petran, Pal"]
[Result "1-0"]
[WhiteElo "2460"]
[BlackElo "2200"]
[PlyCount "39"]
[EventDate "1973.??.??"]
[Source "ChessBase"]

1. e4 e5 2. Nc3 Nf6 3. f4 d5 4. fxe5 Nxe4 5. d3 Qh4+ 6. g3 Nxg3 7. Nf3 Qh5 8. Nxd5 Bg4 9. Bg2 Nxh1 10. Nxc7+ Kd7 11. Nxa8 Nc6 12. d4 Bxf3 13. Qxf3 Qxf3 14. Bxf3 Nxd4 15. Be4 Bc5 16. Be3 Rxa8 17. Bxd4 Bxd4 18. Rd1 Ke6 19. Rxd4 Kxe5 20. c3 1-0